000 00610nam a22001575i 4500
001 158608
003 ES-MaACL
005 20230906211233.0
008 011025s1876 it |||| | ita d
040 _aCCPB | B
_bspa
_cCCPB | B
100 1 _aMancini, Pasquale Stanislao.
_975932
245 1 0 _aUnificazione e riforma della legislazione civile, penale ed amministrativa nel regno d'Italia
_b: discorsi e relazioni parlamentari (1862-1876) /
_cdi P. S. Mancini.
260 _aRoma :
_b[s.n.],
_c1876 (
_fTipografia Eredi Botta)
300 _aVIII, 807 p. ;
_c25 cm.
852 _aES-MaACL
_jF-9382
_z-- Enc. pasta
999 _c158608
_d158608